The secret garden

محفوظ في:
التفاصيل البيبلوغرافية
المؤلف الرئيسي: Burnett Hogdson, Frances Eliza (مؤلف)
التنسيق: كتاب
اللغة:الإنجليزية
منشور في: Oxford Oxford University Press 2008
سلاسل:Oxford Bookworms, 3
الموضوعات:
الوسوم: إضافة وسم
لا توجد وسوم, كن أول من يضع وسما على هذه التسجيلة!

MARC

LEADER 00000nam a2200000 a 4500
001 UCH3322
003 CL-VaPUC
008 090723e20080000UK |||||||||||||||||eng|d
020 |a 9780194791298 
082 0 4 |a 823  |b BUR  |2 21 
100 0 |a Burnett Hogdson, Frances Eliza  |e author  |9 538609 
245 1 4 |a The secret garden 
300 |a 72 p 
942 |c BK 
945 |d 20090723 00:00:00  |a dcastane 
260 |a Oxford  |b Oxford University Press  |c 2008 
650 0 |a Novelas inglesas  |9 265220 
583 |a last modification  |c 20090723 00:00:00  |k Rodrigo Vera 
490 0 |a Oxford Bookworms, 3 
999 |c 334915  |d 334913 
952 |0 0  |1 0  |4 0  |6 823_000000000000000_BUR_2008  |7 0  |8 A  |9 424260  |a BIBEDU  |b BIBEDU  |d 2019-11-22  |i 4576233  |l 1  |o 823 BUR 2008  |p 4576233  |r 2022-04-28  |s 2022-04-21  |w 2019-11-22  |y BK  |k LIT 
952 |0 0  |1 0  |4 0  |6 823_000000000000000_BUR_2008  |7 0  |8 A  |9 424261  |a BIBEDU  |b BIBEDU  |d 2019-11-22  |i 4576241  |o 823 BUR 2008  |p 4576241  |r 2019-11-22  |w 2019-11-22  |y BK  |k LIT 
952 |0 0  |1 0  |4 0  |6 823_000000000000000_BUR_2008  |7 0  |8 A  |9 424262  |a BIBEDU  |b BIBEDU  |d 2019-11-22  |i 457625K  |l 4  |o 823 BUR 2008  |p 457625K  |r 2024-04-17  |s 2024-04-17  |w 2019-11-22  |y BK  |k LIT 
952 |0 0  |1 0  |4 0  |6 823_000000000000000_BUR_2008  |7 0  |8 A  |9 424263  |a BIBEDU  |b BIBEDU  |d 2019-11-22  |i 4576268  |l 2  |o 823 BUR 2008  |p 4576268  |r 2021-09-22  |s 2020-10-08  |w 2019-11-22  |y BK  |k LIT 
952 |0 0  |1 0  |4 0  |6 823_000000000000000_BUR_2008  |7 0  |8 A  |9 424264  |a BIBEDU  |b BIBEDU  |d 2019-11-22  |i 4576276  |o 823 BUR 2008  |p 4576276  |r 2019-11-22  |w 2019-11-22  |y BK  |k LIT 
952 |0 0  |1 0  |4 0  |6 823_000000000000000_BUR_2008  |7 0  |8 A  |9 424265  |a BIBEDU  |b BIBEDU  |d 2019-11-22  |i 4576284  |l 1  |o 823 BUR 2008  |p 4576284  |r 2024-04-17  |s 2024-04-17  |w 2019-11-22  |y BK  |k LIT 
952 |0 0  |1 0  |4 0  |6 823_000000000000000_BUR_2008  |7 0  |8 A  |9 424266  |a BIBEDU  |b BIBEDU  |d 2019-11-22  |i 4576292  |l 1  |m 1  |o 823 BUR 2008  |p 4576292  |r 2023-05-09  |s 2023-04-24  |w 2019-11-22  |y BK  |k LIT 
952 |0 0  |1 0  |4 0  |6 823_000000000000000_BUR_2008  |7 0  |8 A  |9 424267  |a BIBEDU  |b BIBEDU  |d 2019-11-22  |i 4576306  |l 2  |m 3  |o 823 BUR 2008  |p 4576306  |r 2023-10-24  |s 2023-06-16  |w 2019-11-22  |y BK  |k LIT 
952 |0 0  |1 0  |4 0  |6 823_000000000000000_BUR_2008  |7 0  |8 A  |9 424268  |a BIBEDU  |b BIBEDU  |d 2019-11-22  |i 4576314  |l 6  |m 3  |o 823 BUR 2008  |p 4576314  |r 2024-04-17  |s 2024-04-17  |w 2019-11-22  |y BK  |k LIT 
952 |0 0  |1 0  |4 0  |6 823_000000000000000_BUR_2008  |7 0  |8 A  |9 424269  |a BIBEDU  |b BIBEDU  |d 2019-11-22  |i 4576322  |o 823 BUR 2008  |p 4576322  |r 2019-11-22  |w 2019-11-22  |y BK  |k LIT 
952 |0 0  |1 0  |4 0  |6 823_000000000000000_BUR_2008  |7 0  |8 A  |9 424270  |a BIBEDU  |b BIBEDU  |d 2019-11-22  |i 4576330  |o 823 BUR 2008  |p 4576330  |r 2019-11-22  |w 2019-11-22  |y BK  |k LIT 
952 |0 0  |1 0  |4 0  |6 823_000000000000000_BUR_2008  |7 0  |8 A  |9 424271  |a BIBEDU  |b BIBEDU  |d 2019-11-22  |i 4576349  |l 1  |m 3  |o 823 BUR 2008  |p 4576349  |r 2023-10-24  |s 2023-06-22  |w 2019-11-22  |y BK  |k LIT 
952 |0 0  |1 0  |4 0  |6 823_000000000000000_BUR_2008  |7 0  |8 A  |9 424272  |a BIBEDU  |b BIBEDU  |d 2019-11-22  |i 4576357  |o 823 BUR 2008  |p 4576357  |r 2019-11-22  |w 2019-11-22  |y BK  |k LIT 
952 |0 0  |1 0  |4 0  |6 823_000000000000000_BUR_2008  |7 0  |8 A  |9 424273  |a BIBEDU  |b BIBEDU  |d 2019-11-22  |i 4576365  |o 823 BUR 2008  |p 4576365  |r 2019-11-22  |w 2019-11-22  |y BK  |k LIT 
952 |0 0  |1 0  |4 0  |6 823_000000000000000_BUR_2008  |7 0  |8 A  |9 424274  |a BIBEDU  |b BIBEDU  |d 2019-11-22  |i 4576373  |o 823 BUR 2008  |p 4576373  |r 2019-11-22  |w 2019-11-22  |y BK  |k LIT 
952 |0 0  |1 0  |4 0  |6 823_000000000000000_BUR_2008  |7 0  |8 A  |9 424275  |a BIBEDU  |b BIBEDU  |d 2019-11-22  |i 4576381  |l 1  |o 823 BUR 2008  |p 4576381  |r 2023-09-04  |s 2023-08-28  |w 2019-11-22  |y BK  |k LIT 
952 |0 0  |1 0  |4 0  |6 823_000000000000000_BUR_2008  |7 0  |8 A  |9 424276  |a BIBEDU  |b BIBEDU  |d 2019-11-22  |i 457639K  |l 5  |m 2  |o 823 BUR 2008  |p 457639K  |r 2023-09-07  |s 2023-08-17  |w 2019-11-22  |y BK  |k LIT 
952 |0 0  |1 0  |4 0  |6 823_000000000000000_BUR_2008  |7 0  |8 A  |9 424277  |a BIBEDU  |b BIBEDU  |d 2019-11-22  |i 4576403  |l 1  |m 3  |o 823 BUR 2008  |p 4576403  |r 2023-10-24  |s 2023-06-22  |w 2019-11-22  |y BK  |k LIT 
952 |0 0  |1 0  |4 0  |6 823_000000000000000_BUR_2008  |7 0  |8 A  |9 424278  |a BIBEDU  |b BIBEDU  |d 2019-11-22  |i 4576411  |o 823 BUR 2008  |p 4576411  |r 2019-11-22  |w 2019-11-22  |y BK  |k LIT 
952 |0 0  |1 0  |4 0  |6 823_000000000000000_BUR_2008  |7 0  |8 A  |9 424279  |a BIBEDU  |b BIBEDU  |d 2019-11-22  |i 457642K  |o 823 BUR 2008  |p 457642K  |r 2019-11-22  |w 2019-11-22  |y BK  |k LIT